[Event "Botvinnik EMT Gruppe 1 2004"]
[Site "Skovlunde"]
[Date "2004.09.20"]
[Round "1"]
[White "Skjoldan, Benjamin"]
[Black "Hansen, Morten Moller"]
[Result "0-1"]
[WhiteElo "2061"]
[BlackElo "2013"]
[PlyCount "82"]
[EventDate "2004.??.??"]

1. d4 d5 2. c4 c6 3. Nf3 Nf6 4. g3 g6 5. Bg2 Bg7 6. O-O Ne4 7. Nc3 Nxc3 8. bxc3
O-O 9. Qb3 dxc4 10. Qxc4 Nd7 11. Rd1 Qa5 12. e4 Nb6 13. Qd3 Be6 14. Be3 Nc4 15.
Bc1 b5 16. Nd2 Nxd2 17. Bxd2 Bc4 18. Qc2 Qc7 19. f4 c5 20. d5 Rfd8 21. a4 b4
22. Kh1 b3 23. Qb2 Rd7 24. Be3 Rad8 25. Rdc1 e6 26. dxe6 Bxe6 27. e5 c4 28. Bd4
Bf8 29. Qf2 Qb8 30. Qb2 Qc7 31. Qf2 Qb8 32. Qb2 Bd5 33. Bxd5 Rxd5 34. Re1 Qb7
35. Kg1 Qc6 36. Qg2 Bc5 37. Red1 Qb6 38. a5 Qb5 39. f5 Bxd4+ 40. Rxd4 Rxd4 41.
cxd4 Qd5 0-1

[Event "Botvinnik EMT Gruppe 1 2004"]
[Site "Skovlunde"]
[Date "2004.09.06"]
[Round "1"]
[White "Holstein, Erik"]
[Black "Petersen, Steen Brustrup"]
[Result "1-0"]
[WhiteElo "2036"]
[BlackElo "2138"]
[PlyCount "76"]
[EventDate "2004.??.??"]

1. f4 d5 2. g3 g6 3. Nf3 Bg7 4. Bg2 Nh6 5. d3 d4 6. O-O c5 7. Na3 Nc6 8. Nc4
O-O 9. Nfe5 Nxe5 10. Nxe5 Qc7 11. Qe1 Nf5 12. g4 Nd6 13. Qg3 f6 14. Nf3 Bd7 15.
Bd2 Rae8 16. Qh4 Bc6 17. Rae1 b6 18. Rf2 Qd7 19. Ref1 e6 20. b3 Bd5 21. Qg3 Nf7
22. c4 Ba8 23. f5 e5 24. fxg6 hxg6 25. Nh4 Bxg2 26. Qxg2 Nh8 27. Qe4 g5 28. Nf5
Ng6 29. h3 Nf4 30. Rh2 Kf7 31. h4 gxh4 32. Rxh4 Rh8 33. Rxh8 Bxh8 34. Bxf4 exf4
35. Qxf4 Rxe2 36. Nd6+ Ke7 37. Ne4 Rxa2 38. Nxf6 Kd8 1-0

[Event "Botvinnik EMT Gruppe 1 2004"]
[Site "Skovlunde"]
[Date "2004.09.20"]
[Round "1"]
[White "Skovgaard, Peter Nicolai"]
[Black "Peschardt, Soren"]
[Result "1-0"]
[WhiteElo "2084"]
[BlackElo "2167"]
[PlyCount "101"]
[EventDate "2004.??.??"]

1. e4 c5 2. Nc3 Nc6 3. Nge2 e6 4. g3 g6 5. Bg2 Bg7 6. d3 Nge7 7. Be3 d6 8. Qd2
Nd4 9. Nd1 Nxe2 10. Qxe2 Nc6 11. Qd2 Rb8 12. Bh6 O-O 13. h4 Bxh6 14. Qxh6 Qf6
15. h5 Qg7 16. Qd2 e5 17. Ne3 Be6 18. O-O-O g5 19. h6 Qf6 20. Nd5 Qd8 21. f4 g4
22. f5 Bxd5 23. exd5 Nd4 24. Rh4 Kh8 25. Rxg4 Qf6 26. c3 Nb5 27. Be4 Rg8 28.
Rg7 Rxg7 29. hxg7+ Kxg7 30. g4 h6 31. Qe2 a6 32. Kb1 Nc7 33. Rg1 Kf8 34. g5
hxg5 35. Qh5 Ke7 36. Rxg5 Rh8 37. Qg4 Ne8 38. a3 b6 39. Ka2 a5 40. c4 Rh7 41.
Rg8 Rh4 42. Qd1 Rh8 43. Rxh8 Qxh8 44. Qb3 Nf6 45. Qxb6 Qd8 46. Qa7+ Nd7 47. Bf3
Kf6 48. Qa6 Qb6 49. Qc8 Ke7 50. Bd1 Qb8 51. f6+ 1-0

[Event "Botvinnik EMT Gruppe 1 2004"]
[Site "Skovlunde"]
[Date "2004.09.20"]
[Round "1"]
[White "Schou Moldt, Thomas"]
[Black "Mikkelsen, Nikolaj"]
[Result "0-1"]
[WhiteElo "2171"]
[BlackElo "2187"]
[PlyCount "96"]
[EventDate "2004.??.??"]

1. e4 c5 2. Nf3 d6 3. c3 Nf6 4. Bd3 Nc6 5. O-O Bg4 6. Re1 e6 7. Bf1 Be7 8. h3
Bh5 9. d3 Rc8 10. g4 Bg6 11. Bg2 h5 12. g5 Nh7 13. Nh4 Bxg5 14. Nxg6 fxg6 15.
f4 Bh6 16. Na3 O-O 17. Rf1 Qe7 18. Qe2 Rf7 19. Be3 Rcf8 20. Qd2 Kh8 21. Rae1
Qh4 22. Nc4 Bxf4 23. Bxf4 Rxf4 24. Rxf4 Rxf4 25. Rf1 Rxf1+ 26. Kxf1 e5 27. Qf2
Qe7 28. Qg3 Nf8 29. h4 b5 30. Ne3 Qf7+ 31. Qf2 Qxf2+ 32. Kxf2 Ne7 33. Bh3 Kh7
34. Nc2 g5 35. hxg5 Kg6 36. d4 Kxg5 37. dxe5 dxe5 38. Ne3 Kf4 39. Nd5+ Nxd5 40.
exd5 g5 41. Bc8 e4 42. d6 e3+ 43. Kg2 g4 44. Ba6 h4 45. Bxb5 h3+ 46. Kh2 Kf3
47. b4 cxb4 48. cxb4 e2 0-1

[Event "Botvinnik EMT Gruppe 1 2004"]
[Site "Skovlunde"]
[Date "2004.09.13"]
[Round "2"]
[White "Mikkelsen, Nikolaj"]
[Black "Hansen, Morten Moller"]
[Result "1/2-1/2"]
[WhiteElo "2187"]
[BlackElo "2013"]
[PlyCount "92"]
[EventDate "2004.??.??"]

1. e4 e5 2. Nf3 d6 3. d4 Nd7 4. Bc4 Be7 5. dxe5 Nxe5 6. Nxe5 dxe5 7. Qh5 g6 8.
Qxe5 Nf6 9. Bh6 Qd6 10. Qxd6 cxd6 11. Nc3 Be6 12. Bxe6 fxe6 13. Rd1 Kf7 14. O-O
Rhd8 15. Rd2 Rac8 16. f3 Rc6 17. Rfd1 Ne8 18. Be3 a6 19. a4 Rdc8 20. Kf2 Bf6
21. Bd4 Bd8 22. f4 Ba5 23. Rd3 Rc4 24. Kf3 R8c6 25. Ra1 Nc7 26. h4 h5 27. Rad1
Ke7 28. Rg1 Bxc3 29. Bxc3 Rxa4 30. g4 hxg4+ 31. Rxg4 Kf7 32. h5 gxh5 33. Rg7+
Kf8 34. Rd7 Nb5 35. Bg7+ Ke8 36. Rxb7 Rxc2 37. f5 exf5 38. exf5 Rc7 39. Rxc7
Nxc7 40. Rxd6 Nb5 41. Rh6 Nd4+ 42. Bxd4 Rxd4 43. Rxa6 Rb4 44. Re6+ Kf7 45. Re2
Kf6 46. Rh2 h4 1/2-1/2

[Event "Botvinnik EMT Gruppe 1 2004"]
[Site "Skovlunde"]
[Date "2004.09.13"]
[Round "2"]
[White "Petersen, Steen Brustrup"]
[Black "Skjoldan, Benjamin"]
[Result "1/2-1/2"]
[WhiteElo "2138"]
[BlackElo "2061"]
[PlyCount "51"]
[EventDate "2004.??.??"]

1. e4 c5 2. Nf3 e6 3. d4 cxd4 4. Nxd4 a6 5. Bd3 Bc5 6. Nb3 Be7 7. Nc3 d6 8. Qe2
Qc7 9. f4 Nd7 10. O-O b6 11. Be3 Bb7 12. f5 e5 13. a4 Ngf6 14. Nd2 Nc5 15. Rac1
h5 16. b4 Ncd7 17. Nc4 d5 18. Nxd5 Nxd5 19. exd5 Bxd5 20. Bd2 e4 21. Ne3 exd3
22. Nxd5 dxe2 23. Nxc7+ Kd8 24. Nxa8 exf1=Q+ 25. Kxf1 Kc8 26. a5 1/2-1/2

[Event "Botvinnik EMT Gruppe 1 2004"]
[Site "Skovlunde"]
[Date "2004.10.11"]
[Round "2"]
[White "Peschardt, Soren"]
[Black "Holstein, Erik"]
[Result "1-0"]
[WhiteElo "2167"]
[BlackElo "2036"]
[PlyCount "121"]
[EventDate "2004.??.??"]

1. d4 f5 2. g3 g6 3. Bg2 Nf6 4. Nf3 Bg7 5. h4 d6 6. Nc3 c6 7. Bg5 h6 8. Bxf6
Bxf6 9. Qd2 Qa5 10. a3 Na6 11. O-O Bd7 12. b4 Qd8 13. e4 e6 14. exf5 exf5 15.
Rfe1+ Kf7 16. Rad1 Nc7 17. d5 Qf8 18. dxc6 Bxc6 19. Nd4 Bxg2 20. Kxg2 a6 21. h5
Re8 22. hxg6+ Kxg6 23. Qd3 Bxd4 24. Qxd4 Rxe1 25. Rxe1 Qf6 26. Qc4 Qf7 27. Qf4
Rd8 28. Rh1 h5 29. Qf3 Kh6 30. Ne2 Ne6 31. Rh4 Ng5 32. Qd3 Ne6 33. Qd5 Rd7 34.
c4 Ng7 35. Qd3 Qe6 36. Nf4 Qe4+ 37. Qxe4 fxe4 38. Nd5 e3 39. Nxe3 Rc7 40. Rd4
Ne8 41. Nd5 Rf7 42. Nf4 Rf5 43. a4 Re5 44. b5 Rc5 45. Kf3 axb5 46. axb5 Re5 47.
Nd3 Re7 48. Re4 Rf7+ 49. Nf4 Nf6 50. Re6 Kg5 51. Rxd6 h4 52. g4 h3 53. Nxh3+
Kh4 54. Kg2 Kxg4 55. c5 Kf5 56. f4 Rc7 57. c6 bxc6 58. bxc6 Ne8 59. Rd5+ Ke6
60. Re5+ Kf7 61. Ng5+ 1-0

[Event "Botvinnik EMT Gruppe 1 2004"]
[Site "Skovlunde"]
[Date "2004.09.13"]
[Round "2"]
[White "Schou Moldt, Thomas"]
[Black "Skovgaard, Peter Nicolai"]
[Result "1-0"]
[WhiteElo "2171"]
[BlackElo "2084"]
[PlyCount "95"]
[EventDate "2004.??.??"]

1. e4 c5 2. Nf3 e6 3. c3 d5 4. exd5 Qxd5 5. d4 Bd7 6. Be3 Bc6 7. dxc5 Qxd1+ 8.
Kxd1 Nd7 9. b4 Bxf3+ 10. gxf3 Be7 11. Nd2 Ngf6 12. Bb5 Nd5 13. Kc2 O-O-O 14.
Rab1 f5 15. Bd4 Bf6 16. Bxf6 gxf6 17. Rhg1 Ne5 18. Nc4 Nxc4 19. Bxc4 Rhg8 20.
Bxd5 exd5 21. Kd3 Rg6 22. Rxg6 hxg6 23. Rg1 g5 24. Kd4 Rh8 25. Rg2 Rh3 26. Kxd5
Kd7 27. a4 Rxf3 28. Kc4 g4 29. b5 Ke6 30. Kb4 Kd5 31. c4+ Kd4 32. Rg1 Rxf2 33.
Rd1+ Ke3 34. c6 bxc6 35. bxc6 Rb2+ 36. Kc5 Rb8 37. c7 Rc8 38. Kc6 f4 39. Kb7
Rxc7+ 40. Kxc7 f3 41. c5 f2 42. c6 Ke2 43. Ra1 f5 44. Kb7 f4 45. c7 g3 46. c8=Q
g2 47. Qc2+ Kf3 48. Ra3+ 1-0

[Event "Botvinnik EMT Gruppe 1 2004"]
[Site "Skovlunde"]
[Date "2004.11.15"]
[Round "3"]
[White "Skjoldan, Benjamin"]
[Black "Peschardt, Soren"]
[Result "1-0"]
[WhiteElo "2061"]
[BlackElo "2167"]
[PlyCount "83"]
[EventDate "2004.??.??"]

1. d4 f5 2. c4 Nf6 3. g3 e6 4. Bg2 d5 5. Nh3 c6 6. O-O Bd6 7. Bf4 Be7 8. Nd2
O-O 9. Qc2 h6 10. Be5 Ng4 11. Nf3 g5 12. Rab1 Nd7 13. b4 Ngxe5 14. Nxe5 Nxe5
15. dxe5 Bd7 16. Rfd1 Qe8 17. Rd2 Rc8 18. e3 Qf7 19. Qa4 a6 20. cxd5 exd5 21.
Bxd5 Be6 22. Bxe6 Qxe6 23. f4 Rfd8 24. Rbd1 Rxd2 25. Rxd2 Rd8 26. Rxd8+ Bxd8
27. Qc2 Bb6 28. Kf2 g4 29. Ng1 Qd5 30. Qb3 Qxb3 31. axb3 Kf7 32. Ne2 Bd8 33.
Nd4 Kg6 34. Ne6 Be7 35. Nc5 h5 36. Ke2 h4 37. gxh4 Kh5 38. e4 fxe4 39. f5 Bxh4
40. Nxe4 Be7 41. Nc5 Kg5 42. f6 1-0

[Event "Botvinnik EMT Gruppe 1 2004"]
[Site "Skovlunde"]
[Date "2004.09.27"]
[Round "3"]
[White "Holstein, Erik"]
[Black "Schou Moldt, Thomas"]
[Result "1-0"]
[WhiteElo "2036"]
[BlackElo "2171"]
[PlyCount "63"]
[EventDate "2004.??.??"]

1. f4 d5 2. g3 c5 3. Bg2 Nc6 4. Nf3 g6 5. d3 Bg7 6. O-O Nf6 7. Nc3 Bf5 8. Ne5
d4 9. Nxc6 bxc6 10. Ne4 Nxe4 11. dxe4 Bd7 12. e5 Qb6 13. c4 f6 14. exf6 Bxf6
15. h3 Qb4 16. Qd3 O-O-O 17. Bd2 Qa4 18. a3 Be6 19. b3 Qa6 20. Rac1 Rhg8 21. b4
cxb4 22. axb4 Qb6 23. Kh2 g5 24. b5 gxf4 25. Bxf4 Bg5 26. Bxc6 Bxf4 27. Rxf4
Qc5 28. Bg2 Rgf8 29. Rxf8 Rxf8 30. Qe4 Qf5 31. Qc6+ Kd8 32. Rf1 1-0

[Event "Botvinnik EMT Gruppe 1 2004"]
[Site "Skovlunde"]
[Date "2004.09.27"]
[Round "3"]
[White "Hansen, Morten Moller"]
[Black "Petersen, Steen Brustrup"]
[Result "1/2-1/2"]
[WhiteElo "2013"]
[BlackElo "2138"]
[PlyCount "89"]
[EventDate "2004.??.??"]

1. c4 e5 2. Nc3 Nf6 3. g3 d5 4. cxd5 Nxd5 5. Bg2 Nb6 6. Nf3 Nc6 7. O-O Be7 8.
b3 O-O 9. Bb2 f5 10. Rc1 Bf6 11. d3 Re8 12. Nb5 a6 13. Na3 e4 14. Bxf6 Qxf6 15.
dxe4 fxe4 16. Nd2 Bf5 17. Ndc4 Rad8 18. Qe1 Nd5 19. Ne3 Bg6 20. Nac4 Qe6 21.
Nxd5 Rxd5 22. Ne3 Rd7 23. Qc3 Red8 24. Rfd1 Nd4 25. Re1 b6 26. h3 c5 27. Qc4
Qxc4 28. Nxc4 Rb7 29. Ne5 Re8 30. Nxg6 hxg6 31. e3 Nc6 32. Rc4 Rbe7 33. Rd1 Na5
34. Rc2 Kf7 35. Bf1 Ra8 36. Rd6 Re6 37. Rcd2 b5 38. Rd7+ Kf6 39. Rc7 Nc6 40.
Rc2 Ne5 41. R2xc5 Nf3+ 42. Kg2 Ne1+ 43. Kg1 Nf3+ 44. Kg2 Ne1+ 45. Kg1 1/2-1/2

[Event "Botvinnik EMT Gruppe 1 2004"]
[Site "Skovlunde"]
[Date "2004.09.27"]
[Round "3"]
[White "Skovgaard, Peter Nicolai"]
[Black "Mikkelsen, Nikolaj"]
[Result "1/2-1/2"]
[WhiteElo "2084"]
[BlackElo "2187"]
[PlyCount "57"]
[EventDate "2004.??.??"]

1. e4 c5 2. Nc3 d6 3. Nge2 Nf6 4. g3 g6 5. Bg2 Nc6 6. d3 Bg7 7. O-O O-O 8. h3
Rb8 9. a4 Ne8 10. Be3 Nd4 11. Qd2 Bxh3 12. Bxd4 cxd4 13. Bxh3 dxc3 14. Nxc3 Qa5
15. Rab1 Qb4 16. Qe3 Bxc3 17. bxc3 Qxa4 18. Ra1 Qxc2 19. Rfc1 Qb2 20. Rab1 Qa3
21. Ra1 Qc5 22. Qxc5 dxc5 23. Rxa7 e6 24. Rb1 b5 25. Ra5 Nc7 26. c4 bxc4 27.
Rxb8 Rxb8 28. dxc4 Kf8 29. Rxc5 1/2-1/2

[Event "Botvinnik EMT Gruppe 1 2004"]
[Site "Skovlunde"]
[Date "2004.10.18"]
[Round "4"]
[White "Mikkelsen, Nikolaj"]
[Black "Petersen, Steen Brustrup"]
[Result "1-0"]
[WhiteElo "2187"]
[BlackElo "2138"]
[PlyCount "45"]
[EventDate "2004.??.??"]

1. e4 e5 2. Nf3 Nc6 3. Bb5 a6 4. Bxc6 dxc6 5. O-O Qd6 6. Na3 b5 7. c3 c5 8. Nc2
Bb7 9. a4 Nf6 10. axb5 axb5 11. Rxa8+ Bxa8 12. d4 cxd4 13. cxd4 Bxe4 14. Nxe5
Be7 15. Bf4 Qb6 16. Re1 O-O 17. Bg5 Bf5 18. Ne3 Be6 19. d5 Bc8 20. Nc6 Bd8 21.
Nc2 h6 22. Be3 Qb7 23. Bc5 1-0

[Event "Botvinnik EMT Gruppe 1 2004"]
[Site "Skovlunde"]
[Date "2004.10.18"]
[Round "4"]
[White "Skovgaard, Peter Nicolai"]
[Black "Holstein, Erik"]
[Result "1-0"]
[WhiteElo "2084"]
[BlackElo "2036"]
[PlyCount "113"]
[EventDate "2004.??.??"]

1. e4 e6 2. d3 d5 3. Nd2 c5 4. Qe2 Be7 5. g3 Nf6 6. e5 Nfd7 7. f4 Nc6 8. Ngf3
Qc7 9. Bh3 g6 10. O-O b6 11. c4 dxc4 12. dxc4 Bb7 13. b3 O-O-O 14. Ne4 Nd4 15.
Nxd4 cxd4 16. Bg2 d3 17. Qxd3 Nxe5 18. Qe2 Nd3 19. Be3 Nc5 20. Nxc5 Bxc5 21.
Bxb7+ Kxb7 22. Rad1 Qc6 23. Qf2 Bxe3 24. Qxe3 Rd7 25. Rxd7+ Qxd7 26. Qe4+ Qc6
27. Qd4 Rc8 28. Rd1 Rc7 29. Kf2 h5 30. Ke3 a5 31. Qe4 Qxe4+ 32. Kxe4 Kc6 33.
Ke5 Kc5 34. a3 b5 35. cxb5 Kxb5 36. Rd8 h4 37. Rb8+ Ka6 38. gxh4 Rc5+ 39. Kd6
Rc2 40. b4 axb4 41. axb4 Rxh2 42. b5+ Ka5 43. b6 Ka6 44. b7 Rd2+ 45. Ke7 Rd5
46. Kxf7 Rh5 47. Re8 Kxb7 48. Kxg6 Rxh4 49. Kg5 Rh1 50. Rxe6 Kc7 51. f5 Kd8 52.
Kg6 Ra1 53. f6 Ra2 54. f7 Rg2+ 55. Kh7 Rh2+ 56. Kg7 Rg2+ 57. Rg6 1-0

[Event "Botvinnik EMT Gruppe 1 2004"]
[Site "Skovlunde"]
[Date "2004.10.18"]
[Round "4"]
[White "Peschardt, Soren"]
[Black "Hansen, Morten Moller"]
[Result "1/2-1/2"]
[WhiteElo "2167"]
[BlackElo "2013"]
[PlyCount "71"]
[EventDate "2004.??.??"]

1. d4 d5 2. c4 e6 3. Nc3 c6 4. Nf3 f5 5. g3 Nf6 6. Bg2 Be7 7. O-O O-O 8. Ne5
Nbd7 9. Qc2 Nxe5 10. dxe5 Ng4 11. f4 Qb6+ 12. e3 Nxe3 13. Bxe3 Qxe3+ 14. Kh1
Qb6 15. Na4 Qd8 16. Rfd1 Bd7 17. Qb3 b5 18. cxb5 cxb5 19. Nc3 Bc6 20. Nxd5 Kh8
21. Nxe7 Bxg2+ 22. Kxg2 Qxe7 23. Rd6 Rac8 24. Rad1 Qb7+ 25. Qf3 Rc2+ 26. R1d2
Rxd2+ 27. Rxd2 Qe7 28. h4 h6 29. Qc6 Qb4 30. Qd6 Qe4+ 31. Kh2 Rc8 32. Qxe6 Rc1
33. Rd8+ Kh7 34. Qg8+ Kg6 35. Qe8+ Kh7 36. Qg8+ 1/2-1/2

[Event "Botvinnik EMT Gruppe 1 2004"]
[Site "Skovlunde"]
[Date "2004.10.18"]
[Round "4"]
[White "Schou Moldt, Thomas"]
[Black "Skjoldan, Benjamin"]
[Result "0-1"]
[WhiteElo "2171"]
[BlackElo "2061"]
[PlyCount "90"]
[EventDate "2004.??.??"]

1. e4 c5 2. Nf3 e6 3. c3 Nf6 4. e5 Nd5 5. d4 cxd4 6. cxd4 d6 7. a3 Bd7 8. Bd3
Bc6 9. O-O Nd7 10. Qe2 Be7 11. Bd2 Rc8 12. Nc3 dxe5 13. dxe5 Nxc3 14. Bxc3 a6
15. Rad1 Qc7 16. Rfe1 Nc5 17. Nd4 Nxd3 18. Rxd3 Bd5 19. Qg4 g6 20. Rh3 h5 21.
Qd1 b5 22. Qd2 Qb7 23. f4 Qa7 24. Kh1 Rd8 25. Rd1 Bc5 26. Nc6 Bxg2+ 27. Kxg2
Rxd2+ 28. Rxd2 Qc7 29. Rd8+ Qxd8 30. Nxd8 Kxd8 31. Rd3+ Ke7 32. Be1 Rc8 33. Rc3
Kd7 34. Rd3+ Kc6 35. Rc3 Kb7 36. Rd3 Bb6 37. Bc3 a5 38. Kh3 Rd8 39. Rxd8 Bxd8
40. Kg3 Kc6 41. Kf3 Kd5 42. Ke3 Kc4 43. Bd4 a4 44. Bc3 Bb6+ 45. Ke4 Bc5 0-1

[Event "Botvinnik EMT Gruppe 1 2004"]
[Site "Skovlunde"]
[Date "2004.10.25"]
[Round "5"]
[White "Skjoldan, Benjamin"]
[Black "Skovgaard, Peter Nicolai"]
[Result "0-1"]
[WhiteElo "2061"]
[BlackElo "2084"]
[PlyCount "92"]
[EventDate "2004.??.??"]

1. d4 Nf6 2. Nf3 g6 3. c4 Bg7 4. g3 O-O 5. Bg2 c6 6. O-O d5 7. cxd5 cxd5 8. Qb3
Nc6 9. Nc3 Ne4 10. e3 Nxc3 11. bxc3 Na5 12. Qb4 b6 13. Nd2 Ba6 14. Re1 e5 15.
Ba3 e4 16. Qa4 Re8 17. c4 Bxc4 18. Bb4 Bd3 19. Bxa5 bxa5 20. Nb3 Bf8 21. Rec1
Qb6 22. Rc6 Qb5 23. Qxb5 Bxb5 24. Rc2 Bb4 25. Bf1 Bd3 26. Rc7 a4 27. Nc5 Bxf1
28. Kxf1 a3 29. Rb1 a5 30. Nd7 Kg7 31. Rbc1 Re7 32. Ke2 Bd6 33. Nb6 Rxc7 34.
Rxc7 Bxc7 35. Nxa8 Bd8 36. Kd2 a4 37. f3 f5 38. g4 Kf7 39. gxf5 gxf5 40. Ke2
Ke8 41. Kf2 Kd7 42. Kg3 Kc6 43. fxe4 fxe4 44. Kf4 Bf6 45. h3 Kb7 46. Kf5 Bxd4
0-1

[Event "Botvinnik EMT Gruppe 1 2004"]
[Site "Skovlunde"]
[Date "2004.10.25"]
[Round "5"]
[White "Holstein, Erik"]
[Black "Mikkelsen, Nikolaj"]
[Result "1-0"]
[WhiteElo "2036"]
[BlackElo "2187"]
[PlyCount "33"]
[EventDate "2004.??.??"]

1. f4 e5 2. fxe5 d6 3. exd6 Bxd6 4. Nf3 Nf6 5. d4 c5 6. e3 O-O 7. Be2 Ng4 8.
dxc5 Qa5+ 9. Nc3 Bxc5 10. Nd4 h5 11. Nb3 Qc7 12. Nd5 Qd6 13. Nxc5 Qxc5 14. Qd4
Qxc2 15. h3 Nc6 16. hxg4 Rd8 17. Qc3 1-0

[Event "Botvinnik EMT Gruppe 1 2004"]
[Site "Skovlunde"]
[Date "2004.10.25"]
[Round "5"]
[White "Hansen, Morten Moller"]
[Black "Schou Moldt, Thomas"]
[Result "1/2-1/2"]
[WhiteElo "2013"]
[BlackElo "2171"]
[PlyCount "125"]
[EventDate "2004.??.??"]

1. d4 Nf6 2. c4 d6 3. Nc3 e5 4. dxe5 dxe5 5. Qxd8+ Kxd8 6. Bg5 c6 7. Nf3 Nbd7
8. Rd1 Kc7 9. h3 Bb4 10. Bd2 a5 11. a3 Bxc3 12. Bxc3 Re8 13. g4 Ne4 14. Rc1
Nxc3 15. Rxc3 Nc5 16. Bg2 a4 17. O-O f6 18. Nd2 Rd8 19. Ne4 Ra5 20. f4 Rd4 21.
Nxc5 Rxc5 22. fxe5 Rxe5 23. e3 Rd8 24. Bf3 Be6 25. Rd1 Re8 26. Rd4 Rc5 27. Bd1
Ra8 28. Re4 Re5 29. Bc2 h6 30. Kf2 Rxe4 31. Bxe4 Kd6 32. c5+ Ke5 33. Kf3 Rd8
34. Bc2 Rd2 35. Bxa4 Rxb2 36. Rc2 Bd5+ 37. Kf2 Rb1 38. Rd2 Ra1 39. Rb2 Rxa3 40.
Rb4 Ra2+ 41. Ke1 Rh2 42. Rxb7 Ke4 43. Rc7 Kxe3 44. Kd1 Be4 45. Kc1 Ra2 46. Bb3
Ra5 47. Rxg7 Rxc5+ 48. Kb2 h5 49. Be6 Kd2 50. Rd7+ Ke3 51. Rf7 hxg4 52. hxg4
Rc2+ 53. Kb3 Rf2 54. Kc3 Rc2+ 55. Kb3 Rf2 56. Kc3 Bd5 57. Re7 Kf3 58. Rf7 Kg3
59. Bxd5 cxd5 60. Kd4 Kxg4 61. Kxd5 f5 62. Kd4 Re2 63. Kd3 1/2-1/2

[Event "Botvinnik EMT Gruppe 1 2004"]
[Site "Skovlunde"]
[Date "2004.10.25"]
[Round "5"]
[White "Petersen, Steen Brustrup"]
[Black "Peschardt, Soren"]
[Result "0-1"]
[WhiteElo "2138"]
[BlackElo "2167"]
[PlyCount "84"]
[EventDate "2004.??.??"]

1. e4 c5 2. Nf3 Nc6 3. Nc3 e6 4. Bb5 Nge7 5. O-O g6 6. d4 cxd4 7. Nxd4 Bg7 8.
Be3 O-O 9. Qd2 Qc7 10. Rad1 a6 11. Be2 Rd8 12. Na4 b5 13. Nxc6 Qxc6 14. Nb6 Rb8
15. Qd6 Qxd6 16. Rxd6 Be5 17. Nxc8 Rbxc8 18. Rxa6 Rxc2 19. Bxb5 d5 20. Bb6 Rb8
21. a4 dxe4 22. b4 Nd5 23. Bc5 Rb2 24. g3 Nxb4 25. Bxb4 Rxb4 26. Rc6 Rd8 27.
Rc2 Bd4 28. Re1 f5 29. Kf1 h6 30. Rd1 Kf7 31. Rc4 Rxc4 32. Bxc4 Kf6 33. a5 Ke5
34. a6 Rc8 35. Be2 Rc2 36. Rb1 Ra2 37. Rb5+ Kd6 38. Rb8 g5 39. Rd8+ Ke5 40. Re8
f4 41. Rxe6+ Kd5 42. gxf4 Ra1+ 0-1

[Event "Botvinnik EMT Gruppe 1 2004"]
[Site "Skovlunde"]
[Date "2004.11.22"]
[Round "6"]
[White "Holstein, Erik"]
[Black "Skjoldan, Benjamin"]
[Result "0-1"]
[WhiteElo "2036"]
[BlackElo "2061"]
[PlyCount "76"]
[EventDate "2004.??.??"]

1. e4 c5 2. c3 Nf6 3. e5 Nd5 4. d4 cxd4 5. Nf3 e6 6. cxd4 d6 7. Bc4 Nc6 8. O-O
Qc7 9. Bxd5 exd5 10. Nc3 Be6 11. Bf4 dxe5 12. Nxe5 Qb6 13. Re1 Be7 14. Nxc6
Qxc6 15. Rc1 O-O 16. Qd3 Rac8 17. Qg3 Kh8 18. Ne4 Qb6 19. Rxc8 Rxc8 20. Nd6
Bxd6 21. Bxd6 Qxb2 22. h3 Qd2 23. Qe5 Qxa2 24. Re2 Qb1+ 25. Kh2 a5 26. g4 b5
27. Bc5 b4 28. f4 Qf1 29. f5 Bd7 30. Kg3 f6 31. Qe7 Bb5 32. Re6 Qd3+ 33. Kh4
Qd2 34. Rxf6 Qf2+ 35. Kh5 Be8+ 36. Rf7 Bxf7+ 37. Qxf7 Qe3 38. g5 Qxh3# 0-1

[Event "Botvinnik EMT Gruppe 1 2004"]
[Site "Skovlunde"]
[Date "2004.11.22"]
[Round "6"]
[White "Mikkelsen, Nikolaj"]
[Black "Peschardt, Soren"]
[Result "1-0"]
[WhiteElo "2187"]
[BlackElo "2167"]
[PlyCount "63"]
[EventDate "2004.??.??"]

1. e4 c5 2. Nf3 Nc6 3. d3 g6 4. g3 Bg7 5. Bg2 d6 6. c3 e5 7. O-O Nge7 8. a3 a5
9. a4 O-O 10. Na3 h6 11. Nd2 Kh7 12. Ndc4 Be6 13. f4 d5 14. Nxe5 Nxe5 15. fxe5
dxe4 16. Bxe4 Qb6 17. Bf4 Rad8 18. Qe2 Nc6 19. Nb5 Rfe8 20. Rae1 Bh3 21. Rf2
Re7 22. g4 Nxe5 23. Bxe5 Rxe5 24. Rxf7 Bxg4 25. Qf2 Rg5 26. h4 Re5 27. Qf4 Qe6
28. Nc7 Qxf7 29. Qxf7 Bf5 30. Bxf5 Rxf5 31. Qxg7+ Kxg7 32. Ne6+ 1-0

[Event "Botvinnik EMT Gruppe 1 2004"]
[Site "Skovlunde"]
[Date "2004.11.18"]
[Round "6"]
[White "Skovgaard, Peter Nicolai"]
[Black "Hansen, Morten Moller"]
[Result "0-1"]
[WhiteElo "2084"]
[BlackElo "2013"]
[PlyCount "66"]
[EventDate "2004.??.??"]

1. e4 c5 2. Nf3 d6 3. d4 cxd4 4. Nxd4 Nf6 5. Nc3 a6 6. Be3 e6 7. Be2 Be7 8. O-O
Qc7 9. a4 Nc6 10. f4 b6 11. Nxc6 Qxc6 12. e5 dxe5 13. fxe5 Nd5 14. Nxd5 exd5
15. Bd4 Be6 16. c3 O-O 17. Bd3 g6 18. b4 Qc7 19. Qd2 Kg7 20. h4 Bxh4 21. Rf6 h6
22. Bxg6 Bxf6 23. exf6+ Kxg6 24. Rf1 Rg8 25. Qd3+ Kh5 26. Rf5+ Rg5 27. g4+ Kxg4
28. Qf3+ Kh4+ 29. Rxg5 Kxg5 30. Be3+ Kg6 31. Bf4 Qc4 32. Qg3+ Kf5 33. Kf2 Qxf4+
0-1

[Event "Botvinnik EMT Gruppe 1 2004"]
[Site "Skovlunde"]
[Date "2004.11.08"]
[Round "6"]
[White "Schou Moldt, Thomas"]
[Black "Petersen, Steen Brustrup"]
[Result "0-1"]
[WhiteElo "2171"]
[BlackElo "2138"]
[PlyCount "80"]
[EventDate "2004.??.??"]

1. e4 e5 2. Nf3 Nc6 3. Bb5 a6 4. Ba4 Nf6 5. d3 b5 6. Bb3 Be7 7. h3 d6 8. O-O
O-O 9. Nc3 Bb7 10. Re1 Na5 11. d4 exd4 12. Nd5 c5 13. Nxe7+ Qxe7 14. Bd5 Nxd5
15. exd5 Qf6 16. Bg5 Qf5 17. Be7 Rfe8 18. Bxd6 Qxd5 19. Bc7 Nc4 20. b3 Nd6 21.
Bxd6 Qxd6 22. a3 Rxe1+ 23. Nxe1 Re8 24. Qd3 Be4 25. Qg3 Qxg3 26. fxg3 f6 27.
Rd1 Rc8 28. Kf2 Kf7 29. Rd2 Ke6 30. Re2 Kd5 31. Nf3 c4 32. bxc4+ Rxc4 33. Rd2
Rxc2 34. Rxc2 Bxc2 35. Ke2 Be4 36. Ne1 Kc4 37. g4 a5 38. h4 b4 39. axb4 axb4
40. Kd2 b3 0-1

[Event "Botvinnik EMT Gruppe 1 2004"]
[Site "Skovlunde"]
[Date "2004.11.29"]
[Round "7"]
[White "Skjoldan, Benjamin"]
[Black "Mikkelsen, Nikolaj"]
[Result "0-1"]
[WhiteElo "2061"]
[BlackElo "2187"]
[PlyCount "100"]
[EventDate "2004.??.??"]

1. d4 d5 2. c4 c6 3. g3 e6 4. Bg2 Nf6 5. Nf3 Be7 6. O-O O-O 7. Qc2 Nbd7 8. Rd1
b6 9. b3 Ba6 10. Nbd2 Rc8 11. e4 c5 12. e5 Ne8 13. cxd5 exd5 14. Qf5 g6 15. Qg4
Ng7 16. Nf1 h5 17. Qf4 Be2 18. Rd2 Ne6 19. Qe3 Bxf3 20. Qxf3 Bg5 21. Rb2 Bxc1
22. Rxc1 cxd4 23. Rxc8 Qxc8 24. Qxd5 Qc3 25. Rd2 Rd8 26. f4 Ndc5 27. Qf3 d3 28.
h3 Nd4 29. Qf2 Ne2+ 30. Kh2 h4 31. gxh4 Rd4 32. f5 Rf4 33. Qe3 Rxf5 34. Rxe2
dxe2 35. Qxc3 Rxf1 36. Qc4 Rf2 37. Qc3 Nd3 38. e6 e1=Q 39. exf7+ Kxf7 40. Qxd3
Qe5+ 41. Kg1 Rxa2 42. Qf3+ Kg7 43. Qb7+ Kh6 44. Qf3 a5 45. h5 Ra1+ 46. Bf1 Qf5
47. Qe2 Qxf1+ 48. Qxf1 Rxf1+ 49. Kxf1 Kxh5 50. Ke2 Kh4 0-1

[Event "Botvinnik EMT Gruppe 1 2004"]
[Site "Skovlunde"]
[Date "2004.11.29"]
[Round "7"]
[White "Hansen, Morten Moller"]
[Black "Holstein, Erik"]
[Result "1-0"]
[WhiteElo "2013"]
[BlackElo "2036"]
[PlyCount "79"]
[EventDate "2004.??.??"]

1. d4 f5 2. g3 g6 3. Bg2 Bg7 4. c4 Nf6 5. Nc3 d6 6. Nh3 O-O 7. O-O Na6 8. Qb3
e5 9. dxe5 dxe5 10. Ng5 Qe8 11. c5+ Kh8 12. Qc4 c6 13. b4 Nc7 14. e4 h6 15. Nf3
Be6 16. Qe2 fxe4 17. Nd2 Bg4 18. Qc4 e3 19. fxe3 Be6 20. Qe2 Ncd5 21. Nxd5 cxd5
22. Bb2 Bg4 23. Bf3 Bh3 24. Bg2 Bxg2 25. Kxg2 Qe6 26. h3 Rf7 27. Rf2 Raf8 28.
Raf1 e4 29. Nb3 Nh7 30. Bxg7+ Kxg7 31. Nd4 Rxf2+ 32. Rxf2 Rxf2+ 33. Qxf2 Qd7
34. b5 Ng5 35. g4 Qe8 36. Qf4 Nf7 37. c6 bxc6 38. bxc6 g5 39. Qf5 Nd6 40. Ne6+
1-0